| 000 | 00455nam a2200169Ia 4500 | ||
|---|---|---|---|
| 999 |
_c28526 _d28526 |
||
| 003 | OSt | ||
| 005 | 20210111152156.0 | ||
| 008 | 190216s9999||||xx |||||||||||||| ||und|| | ||
| 040 | _coclc | ||
| 082 |
_a894.8123 _bBRO/D |
||
| 100 |
_aBrown, Dan _95558 |
||
| 245 | 0 |
_aDa Vinci Code / _cDan Brown |
|
| 260 |
_bDc Books, _aKottayam: _c2006. |
||
| 300 | _a431p | ||
| 650 | _aNovel | ||
| 942 |
_cBK _2ddc _h894.8123 _iBRO/D _k894.8123 _mBRO/D |
||